| 000 | 01272nam a2200253Ia 4500 | ||
|---|---|---|---|
| 003 | Ost | ||
| 005 | 20260507075654.0 | ||
| 008 | 260507s9999||||xx |||||||||||||| ||und|| | ||
| 020 | _a9957320475 | ||
| 040 | _cfsecg | ||
| 041 | _aara | ||
| 082 | _a659.2 | ||
| 100 |
_aعساف، عبد المعطي محمد _eمؤلف |
||
| 245 | 0 |
_aأسس العلاقات العامة / _c عبد المعطي محمد عساف |
|
| 260 |
_aعمان: _bدار الحامد, _c2004 |
||
| 300 |
_a204 صفحة؛ _bإيضاحات ؛ _c24 سم |
||
| 504 | _aالمراجع ص.203 | ||
| 520 | _aما هية العلاقات العامة، تنظيم ادارة العلاقات العامة، الاتصالات الادارية، وسائل الاتصال، جماهير المنشأة "المنظمة" ودور العلاقات العامة، نشأة العلاقات العامة، تصميم برنامج العلاقات العامة وتقويمه، الرأي العام وأهميته، العلاقات العامة في القطاعين العام والخاص. | ||
| 653 | _aالرأي العام | ||
| 653 | _aالعلاقات العامة | ||
| 653 | _aوسائل الاتصال | ||
| 700 |
_aصالح، محمد فالح _eمؤلف ثانوي |
||
| 942 | _cكتاب | ||
| 999 |
_c45668 _d45668 |
||